College chemistry (Record no. 183315)
[ view plain ]
| 000 -LEADER | |
|---|---|
| fixed length control field | 01620 a2200217 4500 |
| 003 - CONTROL NUMBER IDENTIFIER | |
| control field | Nust |
| 005 - DATE AND TIME OF LATEST TRANSACTION | |
| control field | 20221010140421.0 |
| 010 ## - LIBRARY OF CONGRESS CONTROL NUMBER | |
| LC control number | 73003892 |
| 020 ## - INTERNATIONAL STANDARD BOOK NUMBER | |
| International Standard Book Number | 002344360X |
| 040 ## - CATALOGING SOURCE | |
| Transcribing agency | Nust |
| 082 00 - DEWEY DECIMAL CLASSIFICATION NUMBER | |
| Classification number | 540,GOL |
| 100 1# - MAIN ENTRY--PERSONAL NAME | |
| Personal name | Goldberg, David E. |
| 9 (RLIN) | 56465 |
| 245 10 - TITLE STATEMENT | |
| Title | College chemistry |
| Statement of responsibility, etc. | [by] David E. Goldberg [and] Clyde R. Dillard. |
| 260 ## - PUBLICATION, DISTRIBUTION, ETC. | |
| Place of publication, distribution, etc. | New York, |
| Name of publisher, distributor, etc. | Macmillan |
| Date of publication, distribution, etc. | [1974] |
| 300 ## - PHYSICAL DESCRIPTION | |
| Extent | xviii, 634 p. |
| Other physical details | illus. |
| Dimensions | 23 cm. |
| 490 0# - SERIES STATEMENT | |
| Series statement | A Series of books in chemistry |
| 505 ## - FORMATTED CONTENTS NOTE | |
| Formatted contents note | Introduction (Page-1), Chemical Formulas (Page-31), Stoichiometry (Page-55), Gases (Page-77), Energy Relationship in Chemical Reactions (Page-92), Oxidation and Reduction (Page-118), Electrochemistry (Page-133), Experimental Basis for the Atomic Theory (Page-159), Electronic Structure of the Atom (Page-185), Chemical Bonding (Page-210), Some Relationships Between Properties and Structure (Page-243), Kinetics and Equilibria (Page-276),Acid Base Equilibria in Aqueous Solution (Page-294), Further Concepts of Equilibrium (Page-316), Trends Towards Equilibrium (Page-333), The Kinetic Molecular Theory (Page-247), Collision Theory of Reaction Rates (Page-363), Liquids (Page-375), Solutions (Page-388),Crystalline Solids, Metals and Metallurgy (Page-414), Coordination Compounds (Page-446), Nuclear Chemistry and Radiochemistry (Page-474), Chemistry of the Nonmetals (Page-497), Compounds of the Metals (Page-542), Organic Chemistry and Biochemistry (Page-571). |
| 650 #0 - SUBJECT ADDED ENTRY--TOPICAL TERM | |
| Topical term or geographic name entry element | Chemistry. |
| 700 1# - ADDED ENTRY--PERSONAL NAME | |
| Personal name | Dillard, Clyde R., |
| Dates associated with a name | 1920- |
| 9 (RLIN) | 99696 |
| 942 ## - ADDED ENTRY ELEMENTS (KOHA) | |
| Source of classification or shelving scheme | |
| Koha item type | Book |
| Withdrawn status | Lost status | Source of classification or shelving scheme | Damaged status | Not for loan | Permanent Location | Current Location | Shelving location | Date acquired | Full call number | Barcode | Date last seen | Price effective from | Koha item type | Public note |
|---|---|---|---|---|---|---|---|---|---|---|---|---|---|---|
| Military College of Signals (MCS) | Military College of Signals (MCS) | General Stacks | 12/12/2016 | 540,GOL | MCS7107 | 12/08/2016 | 12/12/2016 | Book | Almirah No.25, Shelf No.1 |
